Thiết kế và sử dụng các trò chơi toán học nhằm nâng cao hiệu quả dạy học toán ở các lớp 1, 2, 3

Cơ sở lí luận. Các trò chơi toán học và phương pháp tổ chức trò chơi toán học lớp 1, 2, 3.

保存先:
書誌詳細
第一著者: Phan Bảo Vy
その他の著者: Lê Tử Tín (Hướng dẫn)
フォーマット: 図書
出版事項: Đà Nẵng Đại học Sư phạm, Đại học Đà Nẵng 2013
主題:
タグ: タグ追加
タグなし, このレコードへの初めてのタグを付けませんか!
Thư viện lưu trữ: Mạng thư viện Đại học Đà Nẵng
LEADER 01795nam a2200373 4500
001 000018376
003 14807
005 20131112151129.0
008 131022s2013 sd
082 1 4 |a 372.7  |b PH-V 
100 1 |a Phan Bảo Vy 
245 1 |a Thiết kế và sử dụng các trò chơi toán học nhằm nâng cao hiệu quả dạy học toán ở các lớp 1, 2, 3  |c Phan Bảo Vy ; Lê Tử Tín hướng dẫn  |k Khóa luận tốt nghiệp 
260 |a Đà Nẵng  |b Đại học Sư phạm, Đại học Đà Nẵng  |c 2013 
300 |a 78 tr., phụ lục 26 tr.  |b Hình mh.  |c 29 cm.  |e Bản tóm tắt 
500 |a Khóa luận tốt nghiệp đại học. Chuyên ngành: Sư phạm Tiểu học 
504 |a Mục lục đầu trang, tài liệu tham khảo tr. 73 - 74, phụ lục [13 tr.] 
520 |a Cơ sở lí luận. Các trò chơi toán học và phương pháp tổ chức trò chơi toán học lớp 1, 2, 3. 
600 1 4 |b Vua  |c Đinh Tiên Hoàng 
650 0 4 |a Giáo dục tiểu học  |v Khóa luận tốt nghiệp  |x Trò chơi toán học 
650 0 4 |a Toán học  |v Khóa luận tốt nghiệp  |x Trò chơi 
653 |a Trò chơi toán học 
653 |a Khoa Tiểu học - Mầm non 
653 |a Phương pháp dạy học 
700 1 |a Lê Tử Tín  |e Hướng dẫn 
OWN |a LSP 
AVA |a UDN50  |b LSP  |d 372.7 PH-V  |e available  |t Error 5001 Not defined in file expand_doc_bib_avail.  |f 1  |g 0  |h N  |i 0  |k 1 
999 |a From the UDN01 
AVA |a UDN50  |b LSP  |d 372.7 PH-V  |e available  |t Error 5001 Not defined in file expand_doc_bib_avail.  |f 1  |g 0  |h N  |i 0  |k 1 
TYP |a Monograph 
TYP |a Printed language 
980 |a Mạng thư viện Đại học Đà Nẵng